| LEADER | 00978nam a2200277 u 4500 | ||
|---|---|---|---|
| 001 | 10023914 | ||
| 003 | upatras | ||
| 005 | 20210303073454.0 | ||
| 008 | 950921s1984 us eng | ||
| 020 | |a 0830616969 | ||
| 040 | |a GR-PaULI |c GR-PaULI | ||
| 041 | 0 | |a eng | |
| 082 | 0 | 4 | |a 534 |
| 100 | 1 | |a Everest, F. Alton |9 101725 | |
| 245 | 1 | 0 | |a Acoustic techniques for home & studio |c by F. Alton Everest |
| 250 | |a 2nd edition | ||
| 260 | |a Blue Ridge Summit |b TAB Books |c 1984 | ||
| 300 | |a viii, 344 p. |b fig., tab. | ||
| 504 | |a Includes appendix, references and index | ||
| 650 | 4 | |a Ακουστική |9 232 | |
| 650 | 4 | |a Μουσική |9 2478 | |
| 852 | |a GR-PaULI |b ΠΑΤΡΑ |b ΦΥΣΙΚΟ |k ΑΕΧ-1 |h 534 EVE |m 02430 |p 025000019130 |t 1 | ||
| 942 | |2 ddc |c BK15 | ||
| 952 | |0 0 |1 0 |4 0 |6 534_000000000000000_EVE |7 0 |9 192637 |a PHYS |b PHYS |d 2016-04-24 |i 02430 |l 0 |o 534 EVE |p 025000019130 |r 2016-04-24 00:00:00 |t 1 |w 2016-04-24 |y BK15 | ||
| 998 | |c ΔΡΑΚΟΠΟΥΛΟΥ |d 2001-09 | ||
| 999 | |c 118094 |d 118094 | ||